Applied statistics and probability for engineers / (Record no. 543988)

000 -LEADER
fixed length control field 00609pam a2200181 a 4500
020 ## - INTERNATIONAL STANDARD BOOK NUMBER
International Standard Book Number 0471540412
082 00 - DEWEY DECIMAL CLASSIFICATION NUMBER
Classification number 519.5
Author Mark MON
-- L-39, P-178
100 1# - MAIN ENTRY--PERSONAL NAME
Personal name Montgomery, Douglas C.
9 (RLIN) 18348
245 10 - TITLE STATEMENT
Title Applied statistics and probability for engineers /
Statement of responsibility, etc. Douglas C. Montgomery, George C. Runger.
260 ## - PUBLICATION, DISTRIBUTION, ETC.
Place of publication, distribution, etc. New York :
Name of publisher, distributor, etc. John Wiley & Sons,
Date of publication, distribution, etc. c1994.
300 ## - PHYSICAL DESCRIPTION
Extent 1 v. (various pagings) :
Other physical details ill. (some col.) ;
Dimensions 25 cm.
526 ## - STUDY PROGRAM INFORMATION NOTE
Program name 0
Interest level 0
Reading level 0
Title point value 519_500000000000000_MON
650 #0 - SUBJECT ADDED ENTRY--TOPICAL TERM
Topical term or geographic name entry element MCE
9 (RLIN) 379
650 #0 - SUBJECT ADDED ENTRY--TOPICAL TERM
Topical term or geographic name entry element Probabilities.
9 (RLIN) 79
650 #0 - SUBJECT ADDED ENTRY--TOPICAL TERM
Topical term or geographic name entry element Statistics.
9 (RLIN) 69
700 1# - ADDED ENTRY--PERSONAL NAME
Personal name Runger, George C.
9 (RLIN) 34484
942 ## - ADDED ENTRY ELEMENTS (KOHA)
Source of classification or shelving scheme
Koha item type Book
Holdings
Withdrawn status Lost status Source of classification or shelving scheme Damaged status Not for loan Permanent Location Current Location Date acquired Total Checkouts Total Renewals Full call number Barcode Date last seen Date last checked out Price effective from Koha item type
          Military College of Engineering (MCE) Military College of Engineering (MCE) 04/09/2014 3 1 519.5 MON MCE-42912 06/08/2018 02/14/2018 04/09/2014 Book
© 2023 Central Library, National University of Sciences and Technology. All Rights Reserved.